000 01499cam a2200361 i 4500
001 11841336
003 EG-ScBUE
005 20230619101556.0
008 991112t2000 enkab f b 001 0 eng d
020 _a019285352X
020 _a9780192853523
040 _aDLC
_beng
_erda
_cDLC
_dDLC
_dEG-ScBUE
082 0 4 _a901
_222
_bARN
100 1 _aArnold, John,
_d1969-
_eauthor.
245 1 0 _aHistory :
_ba very short introduction /
_cJohn H. Arnold.
264 1 _aOxford :
_aNew York :
_bOxford University Press,
_c[2000]
264 4 _cc2000
300 _a134 pages :
_billustrations, maps ;
_c18 cm
336 _2rdacontent
_atext
_btxt
337 _2rdamedia
_aunmediated
_bn
338 _2rdacarrier
_avolume
_bnc
504 _aIncludes bibliographical references and index.
650 7 _aHistory
_xPhilosophy.
_2BUEsh
650 7 _aHistory, Methodology.
_2BUEsh
650 7 _aHistoriography.
_2BUEsh
655 _vReading book
856 4 2 _3Publisher description
_uhttp://www.loc.gov/catdir/enhancements/fy0604/99057694-d.html
856 4 1 _3Table of contents only
_uhttp://www.loc.gov/catdir/enhancements/fy0604/99057694-t.html
856 4 2 _3Contributor biographical information
_uhttp://www.loc.gov/catdir/enhancements/fy0724/99057694-b.html
906 _a7
_bcbc
_corignew
_d1
_eocip
_f19
_gy-gencatlg
942 _2ddc
_cBB
999 _c10250
_d10250